Normal view
MARC view
Entry Personal Name
001 - CONTROL NUMBER
- control field: 85751
003 - CONTROL NUMBER IDENTIFIER
- control field: dpl
005 - DATE AND TIME OF LATEST TRANSACTION
- control field: 20251124154558.0
008 - FIXED-LENGTH DATA ELEMENTS
- fixed length control field: 251124|| aca||aabn | a|a d
040 ## - CATALOGING SOURCE
- Original cataloging agency: dpl
- Transcribing agency: dpl
100 ## - HEADING--PERSONAL NAME
- Personal name: Amrita M. Shirbhate
670 ## - SOURCE DATA FOUND
- Source citation: Work cat.: (dpl)213822: Kale, G.B 85750, An Introduction to the Spiders of Buldana/, 2022
